[Event "2nd American Continental"]
[Site "Buenos Aires ARG"]
[Date "2003.08.29"]
[Round "11"]
[White "Toloza Soto, Pablo"]
[Black "Ferrara, Alexis"]
[Result "1/2-1/2"]
[WhiteElo "2374"]
[BlackElo "2210"]
[EventDate "2003.08.17"]
[PlyCount "54"]

1.Nf3 c5 2.e4 e6 3.d4 cxd4 4.Nxd4 Qb6 5.Nb3 Qc7 6.g3 b6 7.Bg2 Bb7 8.Bf4 d6
9.Nc3 a6 10.O-O Nd7 11.a4 Ngf6 12.Qe2 Be7 13.h3 O-O 14.g4 e5 15.Bg3 h6 16.
Nd2 Rfe8 17.Nc4 Nc5 18.Nd5 Nxd5 19.exd5 b5 20.axb5 axb5 21.Ne3 b4 22.Qd2 
b3 23.c4 Bf8 24.Nf5 Kh7 25.Rxa8 Rxa8 26.f4 g6 27.Nh4 Qb6 1/2-1/2

[Event "2nd American Continental"]
[Site "Buenos Aires ARG"]
[Date "2003.08.29"]
[Round "11"]
[White "Ustariz, Carlos"]
[Black "Marcolino, Antonio Claudio"]
[Result "0-1"]
[WhiteElo "2130"]
[BlackElo "2122"]
[EventDate "2003.08.17"]
[PlyCount "72"]

1.d4 d5 2.c4 c6 3.cxd5 cxd5 4.Nc3 Nc6 5.Nf3 Nf6 6.Bf4 a6 7.e3 Bg4 8.Be2 e6
9.Ne5 Bxe2 10.Qxe2 Rc8 11.Nd3 Be7 12.O-O O-O 13.Rfc1 Nd7 14.a3 Na5 15.Qd1 
Nc4 16.b4 b6 17.Ra2 Bg5 18.a4 Qe7 19.Qb3 Bxf4 20.Nxf4 g5 21.Nd3 f5 22.Re2 
Nf6 23.Rcc2 Qd6 24.f3 Rc7 25.Nd1 Rfc8 26.b5 a5 27.Qa2 Qf8 28.Ne5 Nxe5 29.
dxe5 Nd7 30.f4 Qb4 31.Rxc7 Rxc7 32.g3 Rc1 33.Rd2 Nc5 34.Kg2 gxf4 35.gxf4 
Qe4+ 36.Kh3 Qf3+ 0-1

[Event "2nd American Continental"]
[Site "Buenos Aires ARG"]
[Date "2003.08.29"]
[Round "11"]
[White "Vera Insfran, Jorge"]
[Black "Lanza, Diego"]
[Result "1-0"]
[WhiteElo "2189"]
[BlackElo "2067"]
[EventDate "2003.08.17"]
[PlyCount "67"]

1.d4 Nf6 2.Bg5 e6 3.Nf3 h6 4.Bh4 d6 5.Nbd2 g5 6.Bg3 Nh5 7.e4 Nxg3 8.hxg3 
Bg7 9.c3 Nd7 10.Nc4 b6 11.Bd3 Bb7 12.Qe2 Qe7 13.Ne3 Nf6 14.e5 Nd7 15.exd6 
cxd6 16.O-O-O Rc8 17.Kb1 a5 18.Rde1 d5 19.Ba6 Nf6 20.Nf5 Bxa6 21.Qxa6 Qc7 
22.Nxg7+ Kf8 23.Nh5 Ne4 24.Qe2 a4 25.a3 Qe7 26.Rc1 f6 27.Nd2 Nd6 28.Rhe1 
Kf7 29.f4 b5 30.Rf1 f5 31.g4 Ke8 32.fxg5 hxg5 33.gxf5 exf5 34.Ng7+ 1-0